| 000 | 00849nam a22002897a 4500 | ||
|---|---|---|---|
| 003 | CHAP | ||
| 005 | 20220329135028.0 | ||
| 008 | 971013s1945 r 00010 d | ||
| 010 | _a29806 | ||
| 011 | _a30778 | ||
| 035 | _a34890 | ||
| 040 | _cCHAP | ||
| 082 |
_a338.0183 _bL5 |
||
| 110 |
_aLiga de las Naciones _966750 |
||
| 245 | _aIndustrialization and foreing trade | ||
| 260 |
_a(Geneve) : _bLiga de las Naciones, _c1945 |
||
| 300 | _a167 p. | ||
| 590 |
_aBATCH-UPD _b10 _c20130110 _lUCH01 _h1601 |
||
| 590 |
_aBATCH-UPD _b10 _c20130410 _lUCH01 _h0958 |
||
| 590 |
_aBATCH-UPD _b10 _c20130914 _lUCH01 _h1013 |
||
| 590 |
_aCONVERSION _b10 _c20130109 _lUCH01 _h1317 |
||
| 650 | 1 | 4 |
_aComercio. _925557 |
| 650 | 1 | 4 |
_aIndustrialización. _957923 |
| 901 | _aBK | ||
| 942 | _cLIBRO | ||
| 949 |
_a338.0183 L5 _bBC _cLIBRO _d-80631 _eLIBRO _h43410 _i34890 _mD _si |
||
| 999 |
_c29806 _d29806 |
||